000 00506nam a2200181Ia 4500
003 GCL
008 140319s9999 xx 000 0 ara d
040 _aGCL /
_cGCL
082 0 4 _a141
_bب ا
100 1 _aباسمة كيال
245 1 0 _aاصل الانسان وسر الوجود /
_cباسمة كيال
300 _a372 ص
490 _aفلسفة الروح
_v0
650 0 4 _aالفلسفة الاسلامية
650 0 4 _aالروح
650 0 4 _aالفلسفة - تاريخ
942 _2ddc
_cBK
999 _c37629
_d37629